Elektrisches Heizen in Wohnhäusern und Schulen /

Saved in:
Bibliographic Details
Main Author: Spaethe, Karl (Author)
Format: Book
Language:German
Published: Düsseldorf : Werner, 1970
Edition:[1. Aufl.]
Subjects:
Online Access: Get full text
Tags: Add Tag
No Tags, Be the first to tag this record!

MARC

LEADER 00000cam a2200000 4500
003 SK-BrCVT
005 20220618074958.0
008 090526s1970 gw e ||||||ger d
035 |a CVTIDW1496489 
040 |b slo  |a CVTI SR  |e AACR2 
041 0 |a ger 
044 |a gw 
100 1 |a Spaethe, Karl  |4 aut 
245 1 0 |a Elektrisches Heizen in Wohnhäusern und Schulen /  |c Karl Spaethe 
250 |a [1. Aufl.] 
260 |a Düsseldorf :  |b Werner,  |c 1970 
300 |a 96 s., príl. 
653 1 |a elektrické vykurovanie 
653 1 |a obytný dom 
653 1 |a škola 
910 |b A296302 
974 |f Knihy 
992 |a AMG 
999 |c 189777  |d 189777